It looks like you're offline.
Open Library logo
additional options menu

MARC record from Internet Archive

LEADER: 02550cam 2200601 a 4500
001 ocm14818489
003 OCoLC
005 20200723183414.0
008 861103r19871966mau b 001 0 eng
010 $a 86029921
040 $aDLC$beng$cDLC$dMUQ$dBAKER$dNLGGC$dBTCTA$dYDXCP$dOCLCG$dCRU$dBDX$dOCLCO$dOCLCF$dOCLCQ$dCFT$dOCLCQ$dVLB$dOCLCQ$dMRM$dOCLCO$dCPO$dOCLCO$dOCLCA
020 $a0897891171
020 $a9780897891172
020 $a089789118X$q(pbk.)
020 $a9780897891189$q(pbk.)
035 $a(OCoLC)14818489
050 14 $aGN345$b.R33 1987
082 04 $a306/.01/8$219
084 $a73.03$2bcl
096 $aGN 345 R124 1987
100 1 $aRadin, Paul,$d1883-1959.
245 14 $aThe method and theory of ethnology :$ban essay in criticism /$cby Paul Radin ; with an introduction by Arthur J. Vidich.
246 3 $aMethod & theory of ethnology
260 $aSouth Hadley, Mass. :$bBergin & Garvey Publishers,$c1987.
300 $acxx, 318 pages ;$c21 cm
336 $atext$btxt$2rdacontent
337 $aunmediated$bn$2rdamedia
338 $avolume$bnc$2rdacarrier
500 $aCover title: The method and theory of ethnology.
500 $aReprint. Originally published: New York : Basic Books, 1966. With new chapter.
520 $aRadin's timeless critique of anthropological theory and methods from a humanistic perspective provides an overall assessment of the field of ethnology, its shortcomings, errors, and misdirections.
504 $aIncludes bibliographical references and indexes.
600 10 $aBoas, Franz,$d1858-1942.
600 16 $aBoas, Franz,$d1858-1942.
600 17 $aBoas, Franz,$d1858-1942.$2fast$0(OCoLC)fst00053322
600 12 $aBoas, Franz,$d1858-1942.
650 0 $aEthnology$xMethodology.
650 0 $aEthnology$xPhilosophy.
650 6 $aEthnologie$xMéthodologie.
650 6 $aEthnologie$xPhilosophie.
650 7 $aEthnology$xMethodology.$2fast$0(OCoLC)fst00916139
650 7 $aEthnology$xPhilosophy.$2fast$0(OCoLC)fst00916143
650 17 $aCulturele antropologie.$2gtt
650 17 $aMethodologie.$2gtt
650 2 $aEthnology$xmethods.
938 $aBaker & Taylor$bBKTY$c44.95$d44.95$i0897891171$n0001133141$sactive
938 $aBaker & Taylor$bBKTY$c35.00$d35.00$i089789118X$n0001141184$sactive
938 $aBrodart$bBROD$n37579045$c$44.95
938 $aBaker and Taylor$bBTCP$n86029921$c$39.95
938 $aYBP Library Services$bYANK$n1024423
029 1 $aAU@$b000004955536
994 $aZ0$bP4A
948 $hNO HOLDINGS IN P4A - 106 OTHER HOLDINGS